000 01399cam a22003498a 4500
001 17122582
003 OSt
005 20150408114220.0
008 120112s2012 stk f 001 0 eng
010 _a 2012001626
020 _a9780723436195
035 _a(DNLM)101576275
040 _aDNLM/DLC
_cDLC
042 _apcc
060 1 0 _aQZ 4
082 0 0 _a616.07076 XPP
_223
100 1 _aXiu, Philip.
_945768
245 1 0 _aPathology.
250 _a4th ed. /
_bPhilip Xiu.
260 _aEdinburgh :
_bElsevier,
_c2012.
263 _a1205
300 _ap. ;
_ccm.
490 1 _aCrash course
500 _aIncludes index.
500 _aRev. ed. of: Pathology / Atul Anand. 3rd. ed. 2007.
505 0 _aIntroduction to pathology -- Inflammation, repair and cell death -- Cancer -- Infectious disease -- Pathology of the nervous system -- Pathology of the cardiovascular system -- Pathology of the respiratory system -- Pathology of the gastrointestinal system -- Pathology of the kidney and urinary tract -- Pathology of the endocrine system -- Pathology of the reproductive system -- Pathology of the musculoskeletal system -- Pathology of the blood and immune systems -- Pathology of the skin.
650 1 2 _aPathology.
700 1 _aAnand, Atul.
_tPathology.
_945769
830 0 _aCrash course.
_936087
906 _a7
_bcbc
_corignew
_d1
_eecip
_f20
_gy-gencatlg
942 _2ddc
_cBOOK
999 _c35338
_d269838